Zgadnij państwo po słownym kształcie - Statystyki

Ogólne statystyki
  • Ten quiz został rozwiązany 19 razy
  • Średni wynik to 2 z 13
Statystyki odpowiedzi
Kształt Państwo % Poprawnych
but kopiący kamień Włochy
100%
postać jedząca Laos Wietnam
47%
chiński smok Chile
27%
góra ze skałami Norwegia
13%
malutki i okrągły ( nie do końca ) pies Białoruś
7%
kot z ogromnym grzbietem Kanada
7%
dinozaur Pakistan
7%
pies z dwiema łapami Peru
7%
narysowana (ręcznie) kreska Togo
7%
batman Boliwia
0%
dziwna rzeka Malawi
0%
pies służący Mozambik
0%
foka na ogonie Tunezja
0%
Nie znaleziono quizów pasujących do podanych kryteriów
Rozkład punktacji
Procent ludzi z każdym wynikiem
Percentyl według liczby udzielonych odpowiedzi
Twoja historia wyników
Nie rozwiązałeś tego quizu